[Event "Ankara FIDE GP (Women)"]
[Site "Ankara"]
[Date "2012.09.18"]
[Round "3"]
[White "Muzychuk, Anna"]
[Black "Kosintseva, Tatiana"]
[Result "1-0"]
[WhiteElo "2606"]
[BlackElo "2524"]
[Annotator "Mikhalchishin,A"]
[PlyCount "111"]
[EventDate "2012.09.16"]
[EventType "tourn"]
[EventRounds "11"]
[EventCountry "TUR"]
[EventCategory "10"]
[SourceTitle "CBM 151"]
[Source "ChessBase"]
[SourceDate "2012.11.13"]
[SourceVersion "1"]
[SourceVersionDate "2012.11.13"]
[SourceQuality "1"]

1. e4 e5 2. Nf3 Nc6 3. Nc3 Nf6 4. d4 {There is a strange fashion for a
completely drawish variation! But it is not as harmless as it looks! Black has
to be extremely careful, which was shown in old games of the greats,
particularly those of Rudolf Spielmann. Even the great Lasker suffered here
terribly!'} exd4 5. Nxd4 Bb4 6. Nxc6 bxc6 7. Bd3 d5 ({To be honest it is not
clear why it is necessary to hurry with d7-d5, which allows this check on e2,
as there is no difference for Black to start with} 7... O-O) 8. exd5 cxd5 ({
In recent top games there arose an endgame in which Black faced real problems:
} 8... Qe7+ 9. Qe2 Nxd5 (9... Qxe2+ 10. Kxe2 Nxd5 (10... cxd5 11. Nb5 Kd8 12.
Rd1 c6 13. c3 (13. Nd4 Kc7 14. c4 Bd6 15. h3 Bd7 16. Kf1 c5 17. Nc2 d4 18. b4
cxb4 19. Bb2 Rae8 20. Bxd4 a5 21. Re1 Rxe1+ 22. Rxe1 Re8 23. Bxf6 gxf6 24. Rxe8
Bxe8 25. Bxh7 Kb6 26. Ke2 Kc5 27. Kd3 a4 {1/2 Rodriguez Cespedes,A (2485)
-Mikhalchishin,A (2530)/Havana 1982); and I managed to draw a difficult
endgame.}) 13... Re8+ 14. Kf1 Bf8 15. Nd4 Kc7 16. Bf4+ Kb6 17. a4 a5 18. b4
axb4 19. a5+ Kb7 20. cxb4 Ne4 21. Nxc6 ({There was a simple win after} 21. a6+
Kb6 22. Rdc1 Bd7 23. Be3) 21... g5 22. Bxe4 Rxe4 23. Nd8+ Ka6 24. Bxg5 $18 {
1/2 Spielmann,R-Lasker,E/Moscow 1935}) 11. Nxd5 cxd5 12. Bf4 (12. Bb5+ Bd7 13.
Bxd7+ Kxd7 14. Rd1 Rhe8+ 15. Be3 Kc6 16. c4 $1 dxc4 17. Rd4 $1 $16 {Oll,
L-Beliavsky,A Manila ol 1992 Inf 55/313/}) 12... c6 13. c3 Be7 14. Rhe1 Be6 15.
Rac1 Kd7 16. c4 Bd6 17. Bxd6 dxc4 18. Bxc4 Bxc4+ 19. Rxc4 Rhe8+ 20. Kd2 Rxe1
21. Kxe1 Kxd6 22. Rd4+ Ke6 23. Kd2 ({real chances for win gave} 23. Ra4 Rb8 24.
b3 Rb7 25. Kd2) 23... Rb8 24. Kc3 Rb5 25. Rb4 Re5 26. Kd3 Rd5+ 27. Rd4 Rb5 28.
b3 h5 29. h4 {1/2 Hou,Y (2599)-Dronavalli,H (2503)Istanbul 2012. White still
kept an advantage, but did not manage to convert it into a full point.}) 10.
Qxe7+ Kxe7 11. a3 Ba5 (11... Bxc3+ 12. bxc3 Be6 13. O-O f6 14. c4 Nb6 15. Be4
Bxc4 16. Re1 $14 {Lautier,J-Karpov,A Biel 1992}) 12. b4 Bb6 (12... Bxb4 13.
axb4 Nxc3 14. Bb2 Nd5 15. Bxg7 Rg8 16. Be5 $16 (16. Bd4 Rxg2 17. c4 Nf6 18.
Bxa7 Bb7 19. Bc5+ Kd8 20. O-O-O Ra1+ 21. Bb1+ Kc8 22. Kb2 Rxb1+ 23. Rxb1 Rg4
24. Kb3 Ba6 25. Rbc1 Ne4 26. Be3 Nd6 27. c5 Nf5 28. Rhg1 Rh4 29. Rg8+ Kb7 30.
Rf8 Bd3 31. Ra1 Nxe3 32. Raa8 {1-0 Czerniak,M-Rellstab,L/Reggio Emilia 1951/MCD
})) (12... Nxc3 13. bxa5 $16 {Karpov}) 13. Bb2 (13. Ne2 Nf6 (13... Rd8 14. Bb2
f6 $6 (14... Nf6) 15. Bxh7 $16) 14. Bb2 Rd8 15. O-O a5 (15... Be6 16. Nf4 $16)
16. bxa5 Rxa5 17. a4 Ba6 18. Bc3 $1 (18. Bxa6 $6 Rxa6 19. Bc3 Ne4 20. Bxg7 Rd2
$17) 18... Bxd3 19. cxd3 Ra6 (19... Rad5 20. a5 Ba7 21. d4 $14) 20. a5 Bc5 (
20... Ba7 21. Rfe1 Kf8 22. Bxf6 gxf6 23. Nf4 $16) 21. Rfc1 {Pugachov,A (2455)
-Notkin,M (2360)/Podolsk 1993; with a big advantage.}) 13... a5 14. O-O Nf4 15.
Rae1+ Ne6 16. Na4 f6 17. Nxb6 cxb6 18. Re3 axb4 19. axb4 Ra2 20. Rb1 b5 21. c4
$1 {1-0 Karjakin,S (2785)-Volokitin,A (2709)Istanbul 2012; with a very
unpleasant position - the king in the centre plus a dangerous white bishop
pair make Black's task very difficult.} Bd7) 9. Qe2+ ({The classical line
promises just a microscopic advantage to White:} 9. O-O O-O 10. h3 (10. Bg5 c6
11. Qf3 Be7 (11... Bd6 12. Rfe1 Rb8 13. Rab1 h6 14. Bxf6 Qxf6 15. Qxf6 gxf6 16.
Ne2 Re8 17. b3 Bd7 18. Ng3 Bb4 19. Rxe8+ Rxe8 20. Kf1 Kf8 $11 {Szczepkowska,K 
(2375)-Pogonina,N (2448)Istanbul 2012}) 12. h3 h6 13. Bf4 Bd6 14. Rfe1 Qc7 $2
15. Bxh6 gxh6 16. Qxf6 {Yildiz,B (2341)-Pokorna,R (2353)Istanbul 2012; with an
extra pawn.}) 10... Re8 11. Qf3 c6 12. Bf4 Be6 13. Ne2 Bd6 14. Rfe1 c5 15. Rad1
Qb6 16. Bxd6 Qxd6 17. Nf4 Rab8 (17... Rad8 $142) 18. b3 Qb6 19. Re5 Qd6 20. Rg5
Rbd8 $4 (20... h6 21. Rg3 Qe5 $11) 21. Qg3 Qf8 22. Nh5 {Muzychuk,M (2466)-Zhao,
X (2549)Istanbul 2012; and Anna's younger sister won.}) 9... Be7 ({It's clear,
that after the Karjakin game most players will avoid the endgame!} 9... Qe7 10.
Bd2 Qxe2+ 11. Kxe2 c6 12. Na4 Bd6 13. Be3 O-O 14. f3 $1 $14 {Shirov,A-Karpov,A
Moscow 1992/}) 10. O-O O-O 11. Bf4 c5 ({Much more logical was a timid strategy
} 11... c6 12. Rfe1 Be6 13. h3 Bd6) 12. Rad1 (12. Rae1 {would not be bad:} Be6
13. b3 a6 14. Na4 {with next c2-c4.}) 12... Bg4 13. f3 Be6 14. Bc4 Re8 $6 ({
The correct idea was} 14... Bd6 15. Bxd6 (15. Nxd5 Nxd5 16. Bxd6 Qxd6 17. Bxd5
Bxd5 18. Qd2 Qb6 {led to the same}) 15... Qxd6 16. Bxd5 Nxd5 17. Nxd5 Bxd5 18.
Qd2 Qb6 19. Qxd5 Qxb2 20. Qxc5 Rfc8 $11) 15. Bb5 $1 Bd7 (15... Rf8 {was bad:}
16. Bc6 Rc8 17. Bb7 $16) 16. Nxd5 $1 {This is the start of a forced line which
led to a better endgame for White.} Nxd5 17. Rxd5 Bxb5 ({Very interesting was} 
17... Bf6 18. Rxd7 Qxd7 19. Qxe8+ Qxe8 20. Bxe8 Rxe8 21. Rb1 Re2 22. c3 g5 23.
Bb8 a6 24. a4 Kg7 25. Kf1 Rc2 26. b4 Rxc3 27. b5 axb5 28. axb5 c4 {with strong
counterplay.}) 18. Rxd8 Bxe2 19. Rxa8 Rxa8 20. Re1 Bf6 ({It was possible to
obtain an opposite-coloured bishop endgame:} 20... Bxf3 21. Rxe7 Bd5 22. b3 c4
23. b4 Bc6 24. Kf2 a6 25. c3 {but it would be still big fight for a draw for
Black.}) 21. Rxe2 Bxb2 22. Re7 Bd4+ 23. Kf1 h6 24. Ke2 {White has much more
active pieces plus Black's pawns are weaker than White's. Slowly it will
become clear, that the defence is a tremendously difficult task.} g5 25. Bg3 a6
({The best chance was the activation} 25... Bf6 26. Rc7 Re8+ 27. Kd2 Rd8+ 28.
Kc1 Re8 $1 29. Rxa7 Re2 30. c4 Rxg2 31. a4 Ra2 32. a5 Ra4) 26. Kd3 Rc8 27. Kc4
Rc6 28. c3 Bf6 (28... Bg7 {was slightly better:} 29. a4 Bf8) 29. Rd7 $1 {
Threatening to exchange rooks after Rd6.} Kg7 30. Rd6 Rc8 {Black has to
sacrifice the pawn and to try to activate her own rook, but it was necessary
to do it earlier!} 31. Rxa6 Re8 32. a4 Re2 ({More problems would be created
after} 32... Re3 33. a5 Rxc3+ 34. Kb5 Rc2 35. Rc6 Rxg2 36. a6 Bd4 37. a7 Rb2+
38. Kc4 Rc2+ 39. Kd5 Ra2 40. Rc7 Be3 41. h3 Kg6 42. Kc4 Kf6 43. Rb7 Ke6 44. Bc7
f5 45. Bb6 $18) 33. Rc6 Rc2 ({A position similar to the previous variation
arose after} 33... Rxg2 34. a5 Rc2 35. a6 Rxc3+ 36. Kb5 Bd4 37. a7 Rb3+ 38. Ka4
Rb4+ 39. Ka5 Rb1 40. Bd6 Ra1+ 41. Kb6 c4+ 42. Bc5 $18) 34. Rxc5 ({Possibly
more precise was} 34. a5 Rxc3+ 35. Kb5 Bd4 36. a6 Rb3+ 37. Kc4 Rb4+ 38. Kd5 Ra4
39. Bb8 $18) 34... Rxc3+ 35. Kb4 Rd3 36. Be5 $1 {Going into a rook endgame
with a passed pawn is the simplest solution.} ({More complicated, but also
winning was} 36. a5 Be7 37. Kc4 Ra3 38. Rb5 Ra2 39. Kb3 Ra3+ 40. Kb2 Kg6 41.
Rb6+ f6 42. a6 $18) 36... Rd2 37. Bxf6+ ({In such situations White usually
creates a powerful base on f5 for her rook:} 37. g4 Bxe5 38. Rxe5 Rxh2 39. a5
Ra2 40. Kb5 Kf6 41. Rf5+ Ke6 42. a6 h5 43. Rxg5 h4 44. Rh5 Kd6 45. Rxh4 Rb2+
46. Ka5 Kc6 47. Rh6+ Kc7 48. Rf6 $18) 37... Kxf6 38. a5 Rxg2 39. a6 Rb2+ (39...
Rxh2 $2 {loses immediately:} 40. a7 Ra2 41. Ra5) 40. Ka5 $2 {It makes no sense
to give up a pawn.} (40. Ka3 $1 Rb8 41. a7 Ra8 42. Rc7 Ke6 43. Kb4 f5 44. Kc5
Ke5 45. Kb6 h5 46. Kb7 {but Anna explained that she had the natural desire to
move forward with the king but never back!}) 40... Rxh2 41. Kb6 $2 ({Here was
last chance to win in a forced way} 41. a7 $1 Ra2+ 42. Kb6 Rxa7 43. Kxa7 h5 44.
Kb6 h4 45. Kb5 h3 46. f4 $1 g4 47. Rh5 h2 48. Rxh2 Kf5 49. Rf2 $1 {only move!}
g3 50. Rf1 Ke4 51. f5 g2 52. Rg1 Kf3 53. Kc5 Kf2 54. Rxg2+ Kxg2 55. Kd6 $18)
41... Re2 42. a7 Re8 43. Ra5 h5 44. a8=Q (44. f4 {does not win:} gxf4 45. Rxh5
Ke6 ({Also possible is the immediate} 45... Ra8 46. Kb7 Rxa7+ 47. Kxa7 f3 48.
Kb6 f2 49. Rh1 Ke5 50. Rf1 Ke4 51. Rxf2 f5 52. Kc5 f4 53. Kc4 f3 54. Kc3 Ke3)
46. Ra5 Ra8 47. Kb7 Rxa7+ 48. Rxa7 f5 49. Kc6 Ke5 50. Kc5 f3 51. Kc4 f2 52. Ra1
Ke4 53. Rf1 Ke3 54. Kd5 f4 55. Ke5 f3 56. Ra1 Ke2 57. Kf4) 44... Rxa8 45. Rxa8
Ke5 $1 {It is always useful to bodycheck the opponent's king!} 46. Kc5 (46. Rf8
{did not win either:} g4 47. Rxf7 g3 48. f4+ Ke4 49. f5 g2 50. Rg7 Kxf5 51.
Rxg2 h4 52. Kc5 Kf4 53. Kd4 h3 54. Rg7 h2 55. Rh7 Kg3 56. Ke3 Kg2 57. Rg7+ Kf1
$11) 46... h4 47. Rf8 f5 $4 ({It was necessary to sneak with the king to
support the h4-pawn:} 47... Kf4 48. Rxf7+ Kg3 49. Kd4 h3 50. Ke4 h2 51. Rh7 Kg2
52. Kf5 Kxf3 53. Rxh2 g4 54. Ra2 g3 55. Ra3+ Kf2 56. Kf4 g2 57. Ra2+ Kf1 58.
Kf3 g1=N+ 59. Ke3 Nh3 {with a theoretical draw!}) 48. Kc4 Kf4 (48... h3 {
did not help:} 49. Kd3 h2 50. Rh8 Kf4 51. Ke2 Kg3 52. Rh5 g4 53. fxg4 fxg4 54.
Kf1 $18) 49. Kd3 Kxf3 50. Rxf5+ Kg4 51. Rf8 Kg3 52. Ke2 g4 53. Kf1 Kh2 54. Rf4
h3 55. Rxg4 Kh1 56. Kf2 1-0

[Event "Ankara FIDE GP (Women)"]
[Site "Ankara"]
[Date "2012.09.26"]
[Round "9"]
[White "Koneru, Humpy"]
[Black "Muzychuk, Anna"]
[Result "0-1"]
[WhiteElo "2593"]
[BlackElo "2606"]
[Annotator "Mikhalchishin,A"]
[PlyCount "116"]
[EventDate "2012.09.16"]
[EventType "tourn"]
[EventRounds "11"]
[EventCountry "TUR"]
[EventCategory "10"]
[SourceTitle "CBM 151"]
[Source "ChessBase"]
[SourceDate "2012.11.13"]
[SourceVersion "1"]
[SourceVersionDate "2012.11.13"]
[SourceQuality "1"]

{The most important game of the tournament. A draw would allow Koneru to be
well on the way to her second match for the World Championship.} 1. Nf3 c5 2.
c4 Nc6 3. Nc3 g6 4. e3 Nf6 5. d4 cxd4 6. exd4 d5 {In his latest article
Aleksey Kuzmin believes, that the next move does not promise anything to White.
} 7. Bg5 ({Better chances are promised by} 7. cxd5 Nxd5 8. Bc4 Nb6 9. Bb3 Bg7
10. d5 Na5 11. O-O O-O 12. h3 Nxb3 13. axb3 e6 14. d6 Bd7 15. Bg5 f6 16. Be3
Bc6 17. Bc5 e5 18. b4 {Potkin,V (2642)-Alekseev,E (2677)/Tyumen RUS 2012; with
a strong initiative.}) 7... Be6 (7... Ne4 {is not so logical:} 8. cxd5 Nxc3 9.
bxc3 Qxd5 10. c4 (10. Qb3 $5) 10... Qe4+ 11. Be3 Bg7 12. Bd3 Qg4 13. O-O O-O
14. Be2 Qd7 15. d5 Ne5 16. Nxe5 Bxe5 17. Bd4 Qd6 18. Bxe5 Qxe5 19. Re1 Qd6 20.
Bf3 Bd7 21. Qd4 {Timman,J (2635)-Ljubojevic,L (2635)/Beograd 1989. With his
central position White is certainly better.}) 8. Bxf6 ({Even positionally
dangerous for White is} 8. Rc1 Bg7 9. c5 O-O 10. Be2 Ne4) 8... exf6 9. Be2 ({
In such cases it is necessary to study from the old masters} 9. c5 Bg7 10. Bb5
O-O 11. h3 Ne7 (11... Rc8 12. O-O f5 13. Qd2 h6 14. Bxc6 bxc6 15. Ne5 Qh4 (
15... g5 16. f4 $1) 16. f4 g5 (16... Kh7) 17. Ne2 Bf6 18. Rf2 Kh8 (18... g4 19.
g3 $1) 19. g3 $1 Qh5 20. g4 $1 {Zaitsev,I-Shamkovich,L/Moscow 1967; with a
serious advantage.}) 12. O-O f5 13. Re1 h6 14. Qd2 a6 15. Ba4 b5 16. cxb6 (16.
Bc2 Nc6 17. a4 b4 18. Ne2 Rb8 19. Nf4 $14) 16... Qxb6 17. Bb3 Qb4 18. Rad1 a5
19. Na4 Rfb8 20. Qe3 Qd6 21. Nc5 f4 22. Qe2 Rb6 23. Rd2 Ra7 24. Nxe6 Qxe6 25.
Qd1 {Vachier Lagrave,M (2710)-Bologan,V (2665)/Melilla ESP 2011; with a very
slight advantage.}) 9... Bb4 (9... Bg7 10. O-O O-O 11. Qd2 ({nothing can be
expected from} 11. Qa4 f5 12. Rfd1 Bd7 13. Qa3 dxc4 14. Bxc4 Rc8 15. Bf1 Qe7
16. Qxe7 Nxe7 17. Nb5 Bxb5 18. Bxb5 Rfd8 19. Rac1 Bh6 20. Rxc8 Nxc8 21. Ba4 Nd6
22. Ne5 Rc8 23. Bb3 Rc1 24. Rxc1 Bxc1 25. Nd3 {1/2 Laznicka,V (2693)-Dominguez
Perez,L (2725)/Havana CUB 2012}) 11... dxc4 12. d5 Ne5 13. Nxe5 fxe5 14. Bxc4
Bf5 15. d6 Qh4 (15... Qb6 16. Rad1 Rac8 17. Bb3 Bg4 18. Qg5 $1 Bxd1 19. Rxd1
$44) 16. Bb3 Rad8 17. Rad1 e4 $2 (17... Qb4 $142) 18. Qd5 $1 {1-0 Speelman,J 
(2645)-Kortchnoi,V (2595)/Reykjavik 1988. White managed to support his own
passed pawn seriously.}) (9... Bh6 $5) 10. O-O (10. c5 Bxc3+ (10... O-O 11. O-O
Bxc3 12. bxc3 b6 13. Qa4 Qc7 14. Qa3 Na5 15. Rab1 Rfe8 16. Rb2 Bg4 17. Qb4 Rab8
18. cxb6 axb6 19. h3 Bf5 20. Bb5 Rec8 21. Re1 Be6 22. Re3 Kg7 {Kislinsky,A 
(2392)-Malakhatko,V (2512)/Kiev 2003. Black's prospects are certainly brighter.
}) (10... Qa5 11. Qd2 b6 12. cxb6 axb6 13. O-O O-O 14. Qf4 Bxc3 15. bxc3 Kg7
16. h4 h6 17. Bd3 Rfc8 18. Rae1 Qa7 19. Nh2 Qc7 20. Qf3 Ra3 21. h5 g5 {Bryson,
D (2365)-Summerscale,A (2420)/Edinburgh 1999. Black started to take the
initiative.}) 11. bxc3 O-O 12. Nd2 Na5 13. O-O b6 14. Nb3 Nc4 15. a4 Qc7 16. a5
bxc5 17. Bxc4 dxc4 18. Nxc5 Bd5 19. Re1 Rfe8 20. f3 Qf4 21. Na6 Rad8 22. Nb4
Ba8 23. Qc1 {Teterev,V (2519)-Kryvoruchko,Y (2666)/Rogaska Slatina 2011. White
certainly keeps an advantage.}) (10. cxd5 Bxd5 11. O-O O-O 12. Nxd5 (12. Rc1
Bxc3 13. bxc3 Re8 14. Bb5 Rc8 15. Nd2 a6 16. Bc4 Na5 17. Bxd5 Qxd5 18. Nb3 Nc4
19. Re1 b6 20. Rc2 Nd6 21. Rxe8+ Rxe8 22. Re2 Rc8 {Shahade,G (2355)-Shamkovich,
L (2380)/Hawaii 1998. Black succeeded in the blockade.}) 12... Qxd5 13. Qd3
Rad8 14. Rfd1 Ba5 15. Qb5 Bb6 16. Qxd5 Rxd5 17. Bc4 Rd7 18. Bb5 Rfd8 {Brkic,A 
(2436)-Dizdarevic,E (2520)/Rabac 2004; with very strong pressure against the
passed pawn.}) 10... Bxc3 {Anna hurries to fix the structure, which she likes.}
(10... O-O {was not bad:} 11. c5 Bxc3 12. bxc3 b6 13. Qa4 Qc7) 11. bxc3 dxc4
12. Rb1 ({Black would have no real problems after} 12. Nd2 O-O 13. Bxc4 Bxc4
14. Nxc4 Rc8 15. Ne3 f5 16. g3 Qd6 {The white passed pawn looks dangerous; in
reality in the long run it is only White can face troubles.}) 12... b6 (12...
Qa5 {would be too risky:} 13. Rxb7 Qxc3 14. d5 Rd8 15. dxe6 Rxd1 16. exf7+ Kf8
17. Rxd1 $18) 13. Qa4 Qd7 14. Bxc4 Bxc4 ({The tempting tactics} 14... Nxd4 15.
Qxd7+ Kxd7 {did not work because of the double attack} 16. Rfd1 $1 Bxc4 17.
Rxd4+ $18) 15. Qxc4 O-O 16. Rfe1 ({White would just face problems after} 16. d5
Ne5 17. Nxe5 fxe5 18. Rfd1 Rac8 19. Qd3 Qd6 20. a4 Rc5) 16... Rac8 17. h3 ({
Every the attempt to create a strong central structure would be answered with
a powerful attack on it:} 17. Qd3 Na5 18. Nd2 f5 19. c4 Rc7 20. d5 Rfc8) 17...
Rfd8 ({It was not a very logical decision to exchange knights, as it would
decrease White's problems:} 17... Ne5 18. Qe2 Nxf3+ 19. Qxf3 f5 20. Rbc1) 18.
Qd3 Qd6 ({Without any counterplay Black could efficiently block White's
central pawns after} 18... Qc7 19. Rbc1 Na5 20. h4 Nc4 21. Nd2 b5) 19. Qa6 Rc7
20. Nd2 Kg7 ({Anna improves her position slowly, but it was possible to
accelerate a bit:} 20... Ne7 21. Ne4 Qc6 22. Qa3 f5 23. Nd2 Qd6 24. Qb3 b5 25.
Qxb5 Rxc3 26. Nf3 Nd5 27. Qa5 Ra3 {with much more active play.}) 21. Nc4 Qd5 ({
Simpler and safer was} 21... Qd7) 22. Ne3 Qa5 23. Qc4 Rcc8 24. Qb3 Qg5 ({
Anna tries to prepare some counterplay on the kingside, as logical moves would
allow White to keep the balance.} 24... Rd7 25. d5 Ne5 26. c4 Rdc7 27. d6 Rc6
28. Red1 Rd8 29. f4 Nd7 30. Qb5 Qxb5 31. cxb5) 25. Nc4 ({It was better to
establish a safe defensive setup:} 25. Rbd1 Rc7 26. Qb2 Ne7 27. Rd3) 25... Qd5
26. Ne3 Qd7 $5 {Humpy is ready for a draw, but Anna - not!} 27. Rbd1 ({It was
much better to protect the weak pawn by} 27. Rbc1 Na5 28. Qb4 f5 29. d5 Qd6 30.
g3 $11) 27... Na5 28. Qb4 f5 29. d5 Qd6 30. Qd4+ ({Black would build an ideal
blockade after} 30. Qh4 Nb7 31. c4 Qf6 32. Qf4 Nd6) 30... Qf6 31. c4 $2 {
After this move Koneru loses a pawn.} ({White had to try to use the power of
her own passed pawn at any cost:} 31. Qf4 Rxc3 32. d6 Rc5 33. d7 Qe5 34. Qh4 {
and Black has nothing better than to repeat moves:} Qf6 35. Qf4 $11) 31... f4
32. Qxf6+ Kxf6 33. Ng4+ Kg7 34. Ne5 {Koneru decided to try to save a rook
ending, as with knights developments looked even bleaker for her.} (34. Re7
Nxc4 35. Rxa7 Rc5 36. Rd4 g5 37. h4 h6 38. Ra4 b5) 34... Nxc4 35. Nxc4 Rxc4 36.
Re7 Ra4 ({After} 36... a5 {things were more complicated:} 37. Rb7 Rd6 38. h4 h6
39. Rd2 Rc5 40. Rd4 g5 41. a4 Kg6) 37. Rd2 Rd6 38. f3 ({More chances were
promised by the activation of the rook:} 38. Rc2 Rxd5 39. Rcc7 Rf5 40. Rxa7
Rxa7 41. Rxa7 Ra5 42. Rb7 b5 43. h4 Kf6 44. f3 h5 45. a3 {but a courageous
activation of the king would decide the game:} Ke5 $1) 38... a5 39. Kf2 Rb4 40.
Re4 Rxe4 ({White would obtain a very difficult rook ending after} 40... Rb5 41.
Rxf4 Rbxd5 42. Re2 Rd2 43. Rfe4 b5 44. Re5 R6d5 45. Rxd5 Rxd5) 41. fxe4 Kf6 42.
Kf3 Ke5 43. Rb2 (43. Rc2 {did not help:} f5 44. exf5 Kxf5 45. Rc6 Ke5 46. Rc4
g5 47. Kg4 Rxd5 48. Kxg5 Rd2 $19) 43... h5 44. a4 g5 {With this move Anna
starts to execute a plan of a few steps to cash in on her pawn majority on the
kingside.} 45. Rb1 Rg6 $1 {Rule of pawn majority - just push it maximally!} 46.
Rd1 g4+ 47. hxg4 hxg4+ 48. Ke2 Rd6 49. Kd3 f5 $1 50. Re1 fxe4+ 51. Rxe4+ Kxd5
52. g3 Kc5+ 53. Kc3 f3 $1 {The simplest way to finish the game. Sacrifice the
pawn to create a passed pawn and activate her own king.} 54. Rxg4 Rf6 55. Rc4+
Kd5 56. Rd4+ Ke5 57. Rd1 f2 58. Rf1 Ke4 0-1